LEADER 01089nam a2200277 i 4500 001 000000035890 003 CaOOAMICUS 005 20091014000000.0 008 091014s1989 it u000 u ita u 013 $a4781 020 $a88-7094-007-1 040 $aSeMil$bita 100 1 $aCavalcoli, Giovanni,$c.$0(OLS)http://semarc/name/16812 245 13$aLa buona battaglia :$bsaggio teologico sulla lotta contro il demonio /$cGiovanni Cavalcoli. 250 $a3. ed. 260 $aBologna :$bESD,$c1989. 300 $a73 p. ;$c21 cm. 490 0 $aClaustrum ;$v3 650 4$aDemonio.$0(OLS)http://semarc/subject/6235 830 0$aClaustrum ;$v3.$0(OLS)http://semarc/title/8145 850 $aSeMil 852 $aSeMil$W1$xVenegono$y1$m2B IV 171$j2045$B2045$CSeMilBibl$Z2$F2045 $81 961 $aAcquisto: Casa editrice 996 $6020$a88-7094-007-1$9(OLS)http://semarc/number/4289 996 $6245$aLa buona battaglia :$bsaggio teologico sulla lotta contro il demonio$9(OLS)http://semarc/title/49368 996 $6260$aBologna :$bESD$9(OLS)http://semarc/publisher/30112 LEADER 01243nam a2200301 i 4500 001 000000116313 003 CaOOAMICUS 005 20190725102536.0 008 030616s1976 it u000 u ita u 013 $a89002 040 $aSeMil$bita 100 1 $aOrlando, Peppino.$0(OLS)http://semarc/name/48606 245 13$aLa chiesa del cardinale Siri :$bscismatica o impossibile? /$cPeppino Orlando. 260 $aGenova :$bLanterna,$c1976. 300 $a189 p. ;$c22 cm. 490 0 $aDocumenti ;$v6 500 $aFondo Card. C.M. Martini. 600 14$aSiri, Giuseppe .$0(OLS)http://semarc/subject/9687 650 4$aGenova (Arcidiocesi) - Storia.$0(OLS)http://semarc/subject/14928 650 4$aChiesa - Sec. 21. - Prospettive.$0(OLS)http://semarc/subject/3852 830 0$aDocumenti ;$v6.$0(OLS)http://semarc/title/424905 850 $aSeMil 852 $aSeMil$W1$xVenegono$y1$m3B III 34$j71784$B71784$CSeMilBibl$Z2$F104971 $81 941 1 $a4 961 $aOmaggio: Martini Card. Carlo Maria 996 $6245$aLa chiesa del cardinale Siri :$bscismatica o impossibile?$9(OLS)http://semarc/title/407650 996 $6260$aGenova :$bLanterna$9(OLS)http://semarc/publisher/32242